Realidad y leyenda de Gutierre de Cetina (Record no. 1847)
[ view plain ]
| 000 -CABECERA | |
|---|---|
| campo de control de longitud fija | 00721nam a2200193 a 4500 |
| 001 - NÚMERO DE CONTROL | |
| campo de control | BRCA_2090 |
| 005 - FECHA Y HORA DE LA ÚLTIMA TRANSACCIÓN | |
| campo de control | 20190320203650.0 |
| 008 - DATOS DE LONGITUD FIJA--INFORMACIÓN GENERAL | |
| campo de control de longitud fija | 110808s1989----mx-#---###---#000-0#spa-# |
| 050 #4 - SIGNATURA TOPOGRÁFICA DE LA BIBLIOTECA DEL CONGRESO | |
| Número de clasificación | F1391.P8 |
| Número de documento/Ítem | .L43 28 |
| -- | 1989 |
| 100 1# - ENTRADA PRINCIPAL--NOMBRE DE PERSONA | |
| Nombre de persona | Esparza, Antonio |
| 9 (RLIN) | 6348 |
| 245 10 - MENCIÓN DE TÍTULO | |
| Título | Realidad y leyenda de Gutierre de Cetina |
| Mención de responsabilidad, etc. | Antonio Esparza. |
| 260 ## - PUBLICACIÓN, DISTRIBUCIÓN, ETC. | |
| Lugar de publicación, distribución, etc. | Puebla, México |
| Nombre del editor, distribuidor, etc. | Gobierno del Estado de Puebla : Secretaría de Cultura : Comisión Puebla V Centenario |
| Fecha de publicación, distribución, etc. | 1989 |
| 300 ## - DESCRIPCIÓN FÍSICA | |
| Extensión | 26 p. |
| Dimensiones | 21 cm. |
| 440 #0 - MENCIÓN DE SERIE/PUNTO DE ACCESO ADICIONAL--TÍTULO | |
| Título | Lecturas Históricas de Puebla |
| Número de parte o sección de la obra | 28 |
| 9 (RLIN) | 6349 |
| 600 14 - PUNTO DE ACCESO ADICIONAL DE MATERIA--NOMBRE DE PERSONA | |
| Nombre de persona | Gutierre de Cetina |
| Fechas asociadas al nombre | 1520-1557 |
| Subdivisión de forma | Biografías |
| 9 (RLIN) | 6350 |
| 651 #4 - PUNTO DE ACCESO ADICIONAL DE MATERIA--NOMBRE GEOGRÁFICO | |
| Nombre geográfico | Puebla (México) |
| Subdivisión general | Historia |
| 9 (RLIN) | 409 |
| 651 #4 - PUNTO DE ACCESO ADICIONAL DE MATERIA--NOMBRE GEOGRÁFICO | |
| Nombre geográfico | Puebla (México) |
| Subdivisión general | Lecturas históricas |
| 9 (RLIN) | 6338 |
| 942 ## - ELEMENTOS DE PUNTO DE ACCESO ADICIONAL (KOHA) | |
| Fuente del sistema de clasificación o colocación | Library of Congress Classification |
| Tipo de ítem Koha | Libros |
| Estado de retiro | Estado de pérdida | Estado dañado | No para préstamo | Localización permanente | Ubicación/localización actual | Fecha de adquisición | Total de préstamos | Signatura topográfica completa | Código de barras | Fecha visto por última vez | Precio válido a partir de | Tipo de ítem Koha |
|---|---|---|---|---|---|---|---|---|---|---|---|---|
| El ejemplar forma parte de la colección y puede ser consultado según las políticas vigentes. | Biblioteca del Museo Franz Mayer (Rogerio Casas-Alatriste) | Biblioteca del Museo Franz Mayer (Rogerio Casas-Alatriste) | 11/08/2008 | F1391.P8 .L43 28 1989 | 00490 | 22/03/2019 | 22/03/2019 | Libros |